000 01026cam a2200313 a 4500
001 17336504
003 OSt
005 20181129124907.0
008 120607s2013 maua b 001 0 eng d
010 _a 2012941478
020 _a9781457634826
035 _a(OCoLC)ocn802691601
040 _aYDXCP
_cYDXCP
_dBTCTA
_dOCLCQ
_dIBZ
_dDLC
042 _alccopycat
050 0 0 _aPN6014
_b.M49 2013
100 _aMeyer, Michael
245 0 4 _aThe Bedford introduction to literature :
_breading, thinking, writing /
_c Michael Meyer.
246 3 0 _aIntroduction to literature
250 _a10th ed.
260 _aBoston :
_bBedford/St. Martin's,
_cc2013.
300 _alix, 2172 p. :
_bill. ;
_c25 cm.
504 _aIncludes bibliographical references and indexes.
650 0 _aLiterature
_vCollections.
650 0 _aCollege readers.
700 1 _aMeyer, Michael,
_d1945-
_eeditor.
906 _a7
_bcbc
_ccopycat
_d3
_encip
_f20
_gy-gencatlg
942 _2lcc
_cBK
999 _c53864
_d53864